Central Library OPAC University of Rajshahi

A black Byzantium : (Record no. 72382)

MARC details
000 -LEADER
fixed length control field 00888nam a2200229 a 4500
001 - CONTROL NUMBER
control field 72382
003 - CONTROL NUMBER IDENTIFIER
rucl marc code BD-RjUL
005 - DATE AND TIME OF LATEST TRANSACTION
control field 20211209082244.0
008 - FIXED-LENGTH DATA ELEMENTS--GENERAL INFORMATION
fixed length control field 170517r19651942enkabf b 001 0 eng
035 ## - SYSTEM CONTROL NUMBER
System control number (BD-RjUL)72599
040 ## - CATALOGING SOURCE
Original cataloging agency DLC
Transcribing agency DLC
Modifying agency DLC
-- BD-RjUL
Language of cataloging eng
041 ## - LANGUAGE CODE
Language code of text/sound track or separate title eng
082 00 - DEWEY DECIMAL CLASSIFICATION NUMBER
Edition number 23
Classification number 916.696
Author mark and year NAB 1965
100 1# - MAIN ENTRY--PERSONAL NAME
Personal name Nadel, S. F.
Fuller form of name (Siegfried Frederick),
Dates associated with a name 1903-1956.
9 (RLIN) 214065
245 12 - TITLE STATEMENT
Title A black Byzantium :
Remainder of title the kingdom of Nupe in Nigeria /
Statement of responsibility, etc. by S. F. Nadel ; with a foreword by Right Hon. Lord Lugard.
260 ## - PUBLICATION, DISTRIBUTION, ETC. (IMPRINT)
Place of publication, distribution, etc. London ;
-- New York :
Name of publisher, distributor, etc. Pub. for the International Institute of African languages & cultures by the Oxford university press,
Date of publication, distribution, etc. 1942 [reprinted 1965].
300 ## - PHYSICAL DESCRIPTION
Pagination xiv, 420 p. ;
Illustrations ill. ;
Size 23 cm.
504 ## - BIBLIOGRAPHY, ETC. NOTE
Bibliography, etc Bibliographical foot-notes. Bibliography: p. 404.
651 #0 - SUBJECT ADDED ENTRY--GEOGRAPHIC NAME
Geographic name Nupe.
9 (RLIN) 214066
Geographic name Nigeria
General subdivision Civilization.
9 (RLIN) 214067
942 ## - ADDED ENTRY ELEMENTS (KOHA)
Source of classification or shelving scheme Dewey Decimal Classification
Koha item type Books
Holdings
Lost status Source of classification or shelving scheme Damaged status Not for loan Collection code Permanent Location Current Location Shelving location Date acquired Source of acquisition Cost, normal purchase price Total Checkouts Full call number Date last seen Copy number Koha item type
  Dewey Decimal Classification   Not For Loan Non-fiction Central Library, University of Rajshahi Central Library, University of Rajshahi Reading Room 17/05/2017 Sweets & Zeitlinger 47.00   916.696 NAB 1965 17/05/2017 C-1 Books